Statistics for Departments of Listenburg on a map

Click here to take the quiz!

General Stats

  • This quiz has been taken 9 times
  • The average score is 10 of 35

Answers on the Map

Answers color-coded by a green-red scale on the quiz's map according to % correct below.
 

Answer Stats

Answer% Correct
Achlußluss
63%
Adrias Norte
63%
Adrias Sur
63%
Ardentia
63%
Äußeres Galizien
38%
Bachßland
38%
Fisherein
38%
Auseburg
25%
Carmenie
25%
Centiertflußland
25%
Centürland
25%
Franquette
25%
Frinterland
25%
Herkunftland
25%
Ilamas Costilla
25%
Jesusarh
25%
Langerde
25%
La Pequeña
25%
Lichtenland
25%
Maarland
25%
Mörnland
25%
Oliveweißland
25%
Portaière
25%
Siegesschlucht
25%
Strander
25%
Talwortes
25%
Virgolkust
25%
Wasserland
25%
Aschenbach
13%
Chrüterkraft
13%
Geldland
13%
Kanalerde
13%
Kleinland
13%
Missbalder
13%
Serishluss
13%

Score Distribution

Percentile by Number Answered

Percent of People with Each Score

Your Score History

You have not taken this quiz